| 000 | 01079nam2a22002411 4500 | ||
|---|---|---|---|
| 001 | v19\rc\1265372 | ||
| 005 | 20250618023224.0 | ||
| 035 | _a(NLR Aleph) 004451937 | ||
| 090 |
_a4477310 _c4477310 |
||
| 100 | _a20060306d1900 |||y0rusy50 ca | ||
| 101 | 0 | _arus | |
| 102 | _aRU | ||
| 105 | _ay z ||||| | ||
| 200 | 1 | _aТост, произнесенный на обеде членов Съезда представителей городских банков в Харькове 21 мая 1900 года секретарем Съезда Вас. Ив. Ивановым | |
| 210 |
_aХарьков _dценз. 1900 |
||
| 215 | _a1 л. | ||
| 461 | 0 |
_1001v19\rc\1265362 _12001#$a[Стихотворения]$vТост...$90 _1700#1$aИванов$bВ. И.$cпоэт$f1865-1912$gВасилий Иванович$3RU\NLR\AUTH\770226325 _94477266 _aИванов, В. И. (поэт ; 1865-1912) _d1894 _t[Стихотворения] _vТост...$90 |
|
| 801 | 0 |
_aRU _bNLR _gpsbo |
|
| 801 | 1 |
_aRU _bProSoft-M _2rusmarc |
|
| 852 |
_aNLR _j18.146.3.771 |
||
| 942 | _cBOOK | ||
| 980 | _aNB | ||